Passaparola - Statistics

Statistiche generali
  • Questo quiz è stato fatto 271 volte
  • Il punteggio medio è 19 su 21
Statistiche sulle risposte
# Definizioni Risposte % Corretto
A Uccello rapace spesso rappresentato nello stemma e nella bandiera di molti paesi Aquila
99%
B Capitale della Germania, famosa per il Muro e la Porta di Brandeburgo Berlino
99%
D Poeta italiano autore della Divina Commedia Dante
99%
F Città toscana famosa per il Duomo, il David e il Ponte Vecchio Firenze
98%
E Velivolo a decollo e atterraggio verticale con pale rotanti Elicottero
95%
I Porzione di terra completamente circondata da acqua Isola
95%
L Nome dell’artista e inventore italiano autore della Gioconda Leonardo
95%
M Squadra italiana di calcio con più Champions League vinte Milan
95%
N Stato europeo con capitale Oslo Norvegia
95%
P Filosofo e matematico greco noto per il teorema sui triangoli rettangoli Pitagora
95%
S Pianeta con gli anelli principali del sistema solare Saturno
95%
U Frutto usato per produrre vino; cresce in grappoli Uva
95%
V Vulcano campano famoso e vicino a Napoli Vesuvio
95%
Z Checco, attore protagonista del film Quo Vado Zalone
95%
H Capitale finlandese Helsinki
94%
O Grande massa d'acqua salata che copre la maggior parte della superficie terrestre Oceano
92%
Q Residenza ufficiale del Presidente della Repubblica italiana Quirinale
91%
R Periodo storico-culturale successivo al Medioevo, famoso per arte e scienza Rinascimento
90%
C Corpo celeste con una lunga coda visibile quando passa vicino al Sole Cometa
86%
G Scienziato che studia la struttura della Terra e i suoi processi Geologo
85%
T Nome italiano di un metallo pesante usato in filiere industriali, il cui simbolo è W Tungsteno
61%
Nessun quiz corrispondente trovato
Distribuzione punteggi
Percentuale di utenti per punteggio
Percentile per numero di risposta
I tuoi punteggi nel tempo
Non hai fatto questo quiz